Seventeen against the dealer / Cynthia Voigt.
Dicey struggles to make a go of a boatbuilding business while facing family concerns, romantic problems, and the uncertainties of a drifter who offers to help her in her work.
Record details
- ISBN: 0689314973
- ISBN: 0833554158
- ISBN: 0689851332
- Physical Description: 181 pages
- Edition: 1st edition
- Publisher: New York : Atheneum, 1989.
Search for related items by subject
| Subject: | Dysfunctional families > Juvenile fiction. |
| LDR | 00963cam a2200265 a 4500 | ||
|---|---|---|---|
| 001 | 116092 | ||
| 003 | CONS | ||
| 005 | 20140703073255.0 | ||
| 008 | 880809s1989 nyu j 000 1 eng | ||
| 010 | . | ‡a 88027488 | |
| 020 | . | ‡a0689314973 | |
| 020 | . | ‡a0833554158 | |
| 020 | . | ‡a0689851332 | |
| 035 | . | ‡a(CPomAG)LMN301185 | |
| 050 | 0 | . | ‡aPZ7.V874 ‡bSe 1989 |
| 082 | 0 | . | ‡a[Fic] ‡219 |
| 100 | 1 | . | ‡aVoigt, Cynthia. |
| 245 | 1 | 0. | ‡aSeventeen against the dealer / ‡cCynthia Voigt. |
| 250 | . | ‡a1st edition | |
| 260 | . | ‡aNew York : ‡bAtheneum, ‡c1989. | |
| 300 | . | ‡a181 pages | |
| 520 | . | ‡aDicey struggles to make a go of a boatbuilding business while facing family concerns, romantic problems, and the uncertainties of a drifter who offers to help her in her work. | |
| 650 | 0. | ‡aDysfunctional families ‡vJuvenile fiction. | |
| 959 | . | ‡i32269000010515 ‡lJF Voi ‡aJuvenile - Fiction ‡tJuv Fiction ‡g13.95 | |
| 852 | . | ‡p32269000010515 ‡jJF Voi ‡gJuvenile - Fiction ‡cJuv Fiction ‡y13.95 ‡bSBPL | |
| 901 | . | ‡a116092 ‡bUnknown ‡c116092 ‡tbiblio | |